000 00296nam a22001337a 4500
008 170524b xxu||||| |||| 00| 0 eng d
020 _a9780073375977
041 _aeng
080 _27TH
_a62
100 _a16
101 _aIM
245 _aSOFTWARE ENGINEERING
_cPRESSMAN, R.S
942 _2udc
_cBK
999 _c13969
_d13969